|
|
|
|
| LEADER |
00000cam a2200000 7i4500 |
| 001 |
0000003145 |
| 005 |
20071115093000.0 |
| 008 |
021118n |
| 020 |
|
|
|a 9622201032
|
| 090 |
0 |
0 |
|a LB2335.S6
|b .R43
|
| 110 |
0 |
|
|a Regional Institute of Higher Education and Development
|
| 245 |
0 |
0 |
|a Staff and faculty development in Southeast Asian Universities
|
| 260 |
2 |
|
|a Singapore :
|b Maruzen Asia ,
|c 1981
|
| 300 |
|
|
|a 291 p. ; ;
|c 23 cm.
|
| 504 |
|
|
|a Bibliography: p. 288-291
|
| 650 |
|
0 |
|a Universities and colleges
|z Southeast Asia
|x Faculty
|
| 999 |
|
|
|a 1000027892
|b Book
|c OPEN SHELF (30 DAYS)
|e Gong Badak Campus
|